Aspects of Signal processing (Record no. 5634)

MARC details
000 -LEADER
fixed length control field 00969nam a2200217Ia 4500
003 - CONTROL NUMBER IDENTIFIER
control field IN-BaIIA
008 - FIXED-LENGTH DATA ELEMENTS--GENERAL INFORMATION
fixed length control field 211028s9999 xx 000 0 eng d
020 ## - INTERNATIONAL STANDARD BOOK NUMBER
International Standard Book Number 90-277-0800-2
040 ## - CATALOGING SOURCE
Transcribing agency IIA Library
080 ## - UNIVERSAL DECIMAL CLASSIFICATION NUMBER
Universal Decimal Classification number 621.391(082.1)
Item number ASP-2
111 ## - MAIN ENTRY--MEETING NAME
Meeting name or jurisdiction name as entry element International Symposium on Solar-Terrestrial Physics
Location of meeting Portovenere, La Spezia, Italy
Date of meeting or treaty signing 1976 Aug 31-Sep 11
9 (RLIN) 9784
245 #0 - TITLE STATEMENT
Title Aspects of Signal processing
Remainder of title proceedings of the NATO Advanced Study institute on Aspects of Signal processing with Emphasiss on Underwater Acoustics pt. 1, held in Portovenere, La Spezia, Italy 30 August–11 Sept.ember 1976
Statement of responsibility, etc. edited by G. Tacconi
260 ## - PUBLICATION, DISTRIBUTION, ETC.
Place of publication, distribution, etc. Dordrecht
Name of publisher, distributor, etc. D. Reidel Publishing
Date of publication, distribution, etc. 1977
300 ## - PHYSICAL DESCRIPTION
Extent [various pagings.]
650 ## - SUBJECT ADDED ENTRY--TOPICAL TERM
Topical term or geographic name entry element NASA thesaurus
650 ## - SUBJECT ADDED ENTRY--TOPICAL TERM
Topical term or geographic name entry element Signal processing
9 (RLIN) 3537
650 ## - SUBJECT ADDED ENTRY--TOPICAL TERM
Topical term or geographic name entry element Surface acoustic Wave devices
9 (RLIN) 9785
650 ## - SUBJECT ADDED ENTRY--TOPICAL TERM
Topical term or geographic name entry element Underwater Acoustics
9 (RLIN) 9786
700 ## - ADDED ENTRY--PERSONAL NAME
Personal name Tacconi, G,, ed.
9 (RLIN) 9787
942 ## - ADDED ENTRY ELEMENTS (KOHA)
Koha item type Books
Holdings
Withdrawn status Lost status Damaged status Not for loan Home library Current library Shelving location Date acquired Total Checkouts Full call number Barcode Date last seen Price effective from Koha item type
        IIA Library-Bangalore IIA Library-Bangalore General Stacks 03/12/1977   621.391(082.1)/ ASP-2 6304 05/11/2021 03/12/1977 Books

Powered by Koha